Statistics for NFL - 2012 Seahawks Roster

Click here to take the quiz!

General Stats

  • This quiz has been taken 14 times
  • The average score is 9 of 22

Answer Stats

HintAnswer% Correct
MLBBobby Wagner
100%
RBMarshawn Lynch
100%
CBRichard Sherman
100%
QBRussel Wilson
100%
SSKam Chancellor
92%
FSEarl Thomas III
85%
WRDoug Baldwin
62%
WRGolden Tate III
46%
LBK.J. Wright
38%
CBBrandon Browner
23%
CMax Unger
23%
WRSidney Rice
23%
LGJames Carpenter
15%
LTRussell Okung
15%
TEZach Miller
15%
DTAlan Branch
8%
DTBrandon Mebane
8%
RTBreno Giacomini
8%
DEChris Clemons
8%
LBLeRoy Hill
8%
RGPaul McQuistan
8%
DERed Bryant
8%

Score Distribution

Percentile by Number Answered

Percent of People with Each Score

Your Score History

You have not taken this quiz